1991 1732 1109 1864 1651 1477 1996 1986 1147 1913 1742 1055 1998 1498 1890 1335 1817 1058 1300 1693 1278 1281 1972 1100 1183 1052 1589 1307 1660 1494 1629 1429 1895 1372 1409 1145 1236 1962 1692 1325 1075 1801 1486 1250 1912 1695 1574 1987 1612 1663 1425 1708 1234 1868 1733 1802 1571 1472 1710 1203 1467 1162 1023 1509 1508 1656 1981 1594 1033 1142 1655 1574 1547 1283 1769 1878 1385 1276 1188 1042 1959 1630 1062 1154 1686 1862 1241 1565 1481 1043 1334 1485 1961 1126 1547 1847 1868 1444 1701 BCNSPRNW ULIB Ver.6.0+V

เปลี่ยนเป็นภาษาไทย

Change to English
 แสดงรายละเอียดบรรณานุกรม
  กลับหน้าหลัก

Brief Record : Get Marc (ISO 2709) : E-mail record : QR code < ปิดหน้าต่าง
LEADER : 00000nas 2200000uu 4500
001    13399122364
003     ULIB
008    130226s||||||||th 000 0 tha d
022 0  08570914
110 1  ศูนย์แพทยศาสตรศึกษาชั้นคลินิก โรงพยาบาลพระปกเกล้า
245 00 วารสารศูนย์การศึกษาแพทย์ศาสตร์คลินิก โรงพยาบาลพระปกเกล้า (วพปก) (วิทยาเขตนครสวรรค์)
310    ^aรายสามเดือน
850    ^aปีที่ 29 ฉบับที่ 3;ปีที่ 29 ฉบับที่ 4;ปีที่ 30 ฉบับที่ 2;ปีที่ 30 ฉบับที่ 3
945    ^p0^l0^i800410
945    ^p0^l0^i800411
945    ^p0^l0^i800609
945    ^p0^l0^i800744
999    ^aทศพร เกษรทอง
รายการนี้ยังไม่มีแท็ก
คุณยังไม่ได้ล็อกอิน คุณสามารถมีกิจกรรมร่วมกับเว็บไซต์ได้ แต่ต้องล็อกอินก่อน ::
  ล็อกอิน

รายการสื่อสารสนเทศ (วารสาร)

ดูแบบ: กล่อง รายการ
ARRIVED
ปีที่ 29 ฉบับที่ 3
สถานที่: ห้องสมุดวิทยาเขตสวรรค์ประชารักษ์ >วารสาร
ARRIVED
ปีที่ 29 ฉบับที่ 4
สถานที่: ห้องสมุดวิทยาเขตสวรรค์ประชารักษ์ >วารสาร
ARRIVED
ปีที่ 30 ฉบับที่ 2
สถานที่: ห้องสมุดวิทยาเขตนครสวรรค์ >วารสาร
ARRIVED
ปีที่ 30 ฉบับที่ 3
สถานที่: ห้องสมุดวิทยาเขตนครสวรรค์ >วารสาร

BibComment


ยังไม่เคยถูกคอมเมนท์

คอมเมนท์ทรัพยากรรายการนี้
  คอมเมนท์: วารสารศูนย์การศึก..


 Copyright 2026. Bcnsprnw @Library